00469nam a22001697a 450000500170000001000150001702000260003203500140005803700130007208200120008510000170009724500370011426000420015127000450019330000210023850000400025920170816154844.0 aENG-119774 c995.00a9789350009505 aEN-103306 bDBAD/PUB a305.435 aMozans, H.J. aWomen in science /cby HJ Mozans aNew DelhibLekhshri Publicationc2015 a4695, 21-A, DaryaganjbNew Delhie110002 a400p. c23cm(Hb) aIncludes bibliographical references